Study on the issue of forest and wildlife offend in pursat province, ការសិក្សាពីបទល្មើសព្រៃឈើ និងសត្វព្រៃក្នុងខេត្តពោធិ៍សាត់ (Record no. 3379)
[ view plain ]
| 000 -LEADER | |
|---|---|
| fixed length control field | 00600nam a22001577a 4500 |
| 003 - CONTROL NUMBER IDENTIFIER | |
| control field | OSt |
| 005 - DATE AND TIME OF LATEST TRANSACTION | |
| control field | 20230313172400.0 |
| 008 - FIXED-LENGTH DATA ELEMENTS--GENERAL INFORMATION | |
| fixed length control field | 151112b xxu||||| |||| 00| 0 eng d |
| 040 ## - CATALOGING SOURCE | |
| Transcribing agency | RUA |
| 082 ## - DEWEY DECIMAL CLASSIFICATION NUMBER | |
| Classification number | FOR |
| Edition number | LUY 2008 B135 Or.1 |
| 100 ## - MAIN ENTRY--PERSONAL NAME | |
| 9 (RLIN) | 3628 |
| Personal name | LUY, RATTANA. |
| 245 ## - TITLE STATEMENT | |
| Title | Study on the issue of forest and wildlife offend in pursat province, ការសិក្សាពីបទល្មើសព្រៃឈើ និងសត្វព្រៃក្នុងខេត្តពោធិ៍សាត់ |
| 260 ## - PUBLICATION, DISTRIBUTION, ETC. (IMPRINT) | |
| Place of publication, distribution, etc. | Phnom Penh |
| Name of publisher, distributor, etc. | RUA |
| Date of publication, distribution, etc. | 2008 |
| 300 ## - PHYSICAL DESCRIPTION | |
| Extent | xiii; 70p. |
| Other physical details | ill. |
| Dimensions | 29cm. |
| 942 ## - ADDED ENTRY ELEMENTS (KOHA) | |
| Source of classification or shelving scheme | |
| Koha item type | FOR |
| Price effective from | Date last seen | Permanent Location | Not for loan | Date acquired | Source of classification or shelving scheme | Koha item type | Lost status | Withdrawn status | Total Renewals | Date last checked out | Total Checkouts | Shelving location | Damaged status | Barcode | Current Location | Full call number |
|---|---|---|---|---|---|---|---|---|---|---|---|---|---|---|---|---|
| 2015-11-12 | 2023-02-14 | Library Block B | 2015-11-12 | FOR | 2023-01-27 | 2 | B136 | RUA028208 | Library Block B | FOR LUY 2008 B136 Or.1 | ||||||
| 2015-11-12 | 2015-11-12 | Library Block B | 2015-11-12 | FOR | B136 | RUA028062 | Library Block B | FOR LUY 2008 B136 Or.2 | ||||||||
| 2015-11-12 | 2015-11-12 | Library Block B | 2015-11-12 | FOR | B135 | RUA028353 | Library Block B | FOR LUY 2008 B135 Or.3 | ||||||||
| 2015-11-12 | 2016-06-27 | Library Block B | 2015-11-12 | FOR | 2016-06-13 | 2 | B135 | RUA028425 | Library Block B | FOR LUY 2008 B135 Or.4 | ||||||
| 2015-11-12 | 2015-11-12 | Library Block B | 2015-11-12 | FOR | B135 | RUA028497 | Library Block B | FOR LUY 2008 B135 Or.5 | ||||||||
| 2015-11-16 | 2015-11-16 | Library Block B | 2015-11-16 | FOR | B135 | RUA028263 | Library Block B | FOR LUY 2008 B135 Or.6 | ||||||||
| 2015-11-16 | 2019-06-25 | Library Block B | 2015-11-16 | FOR | 2019-06-12 | 2 | B136 | RUA43636 | Library Block B | FOR LUY 2008 B136 Or.7 | ||||||
| 2015-11-16 | 2016-08-19 | Library Block B | 2015-11-16 | FOR | 2016-08-12 | 2 | B135 | RUA027475 | Library Block B | FOR LUY 2008 B135 Or.8 | ||||||
| 2015-11-16 | 2018-01-03 | Library Block B | 2015-11-16 | FOR | 2 | 2017-10-09 | 3 | B136 | RUA027264 | Library Block B | FOR LUY 2008 B136 Or.9 | |||||
| 2015-11-16 | 2015-11-16 | Library Block B | 2015-11-16 | FOR | B135 | RUA027337 | Library Block B | FOR LUY 2008 B135 Or.10 |